Library Banner

Islam the alternative/ (Record no. 95722)

MARC details
000 -LEADER
fixed length control field 00398nam a22001577a 4500
005 - DATE AND TIME OF LATEST TRANSACTION
control field 20170726114601.0
008 - FIXED-LENGTH DATA ELEMENTS--GENERAL INFORMATION
fixed length control field 170726b xxu||||| |||| 00| 0 eng d
020 ## - INTERNATIONAL STANDARD BOOK NUMBER
International Standard Book Number 1873938225
040 ## - CATALOGING SOURCE
Transcribing agency PK-LaUMT
082 ## - DEWEY DECIMAL CLASSIFICATION NUMBER
Classification number ZIAC 297
Item number MUR-I
100 ## - MAIN ENTRY--PERSONAL NAME
Personal name Murad Hofmann
245 ## - TITLE STATEMENT
Title Islam the alternative/
Statement of responsibility, etc Murad Hofmann
260 ## - PUBLICATION, DISTRIBUTION, ETC. (IMPRINT)
Place of publication, distribution, etc Glasgow:
Name of publisher, distributor, etc Garnet publishing,
Date of publication, distribution, etc 1993
300 ## - PHYSICAL DESCRIPTION
Extent 181 p.
942 ## - ADDED ENTRY ELEMENTS (KOHA)
Koha item type Books
Holdings
Withdrawn status Lost status Damaged status Home library Current library Date acquired Full call number Barcode Date last seen Price effective from Koha item type
      UMT Main Campus UMT Main Campus 2017-07-26 ZIAC 297 MUR-I 111429 2017-07-26 2017-07-26 Books